| 000 | 012710000a22002170004500 | ||
|---|---|---|---|
| 020 | _a84-301-0629-4 | ||
| 041 | 0 | _aSPA | |
| 082 | 0 | 4 | _aG 173 B4538s |
| 100 | 1 | _aBeltráo, Pedro | |
| 245 | 1 | 0 | _aSociología de la familia contemporánea / Pedro Beltráo ; Valeriano Baíllo Ruiz, Traducción y adaptación castellana |
| 260 | _aSalamanca, España : Sígueme | ||
| 300 | _a190 Pag. | ||
| 500 | _aTítulo original : Sociologia della famiglia contemporanea | ||
| 505 | 0 | 0 | _a¿Hacia dónde va la familia? -- familia y matrimonio. Estructuras y funciones familiares -- el cambio social en el matrimonio y la familia -- el matrimonio y la familia ante el desarrollo de la sociedad contemporánea -- transmisión demográfica y función procreadora de la familia -- la familia en la movilidad de la sociedad terciaria y cuaternaria -- la promoción de la mujer en la sociedad y en la familia -- inestabilidad estructural de la familia moderna -- problemática social de la regulación de los nacimientos -- el espacio vital de la familia -- preparación para la vida matrimonial -- familia y sociedad |
| 650 | 1 | 4 | _aFAMILIA |
| 001 | 952 | ||
| 942 | _cBK | ||
| 999 |
_c32344 _d32344 |
||
| 336 |
_atexto _btxt _2rdacontent |
||
| 337 |
_2rdamedia _asin mediación _bn |
||
| 338 |
_2rdacarrier _avolumen _bnc |
||